Principios de Geofísica Aplicada / (Record no. 118073)

MARC details
000 -LEADER
campo de control de longitud fija 00609nam a2200193 4500
001 - NÚMERO DE CONTROL
campo de control 118073
003 - IDENTIFICADOR DE NÚMERO DE CONTROL
campo de control ES-MaACL
005 - FECHA Y HORA DE LA ÚLTIMA TRANSACCIÓN
campo de control 20230906191027.0
007 - CAMPO FIJO DE DESCRIPCIÓN FÍSICA--INFORMACIÓN GENERAL
campo de control de longitud fija t|
008 - DATOS DE LONGITUD FIJA--INFORMACIÓN GENERAL
campo de control de longitud fija 070214s1970 sp r ||||1| spa d
100 1# - ENTRADA PRINCIPAL--NOMBRE DE PERSONA
Nombre de persona Parasnis, D. S.
9 (RLIN) 88938
245 10 - MENCIÓN DEL TÍTULO
Título Principios de Geofísica Aplicada /
Mención de responsabilidad, etc. por D. S. Parasnis ; traducción, notas y apéndice por Ernesto Orellana.
260 ## - PUBLICACIÓN, DISTRIBUCIÓN, ETC.
Lugar de publicación, distribución, etc. Madrid :
Nombre del editor, distribuidor, etc. Paraninfo,
Fecha de publicación, distribución, etc. 1970.
300 ## - DESCRIPCIÓN FÍSICA
Extensión 208 p. :
Otras características físicas il. ;
Dimensiones 22 cm.
700 1# - ENTRADA AGREGADA--NOMBRE PERSONAL
Nombre de persona Orellana, Ernesto.
9 (RLIN) 87224
852 ## - LOCALIZACIÓN
Ubicación ES-MaACL
Número de control de estantería C-46164
Sublocalización o colección R.73839
852 ## - LOCALIZACIÓN
Ubicación ES-MaACL
Número de control de estantería G-10839
Sublocalización o colección R.114590
Holdings
Estatus retirado Estado de pérdida Fuente del sistema de clasificación o colocación Estado de daño No para préstamo Biblioteca de origen Biblioteca actual Ubicación en estantería Fecha de adquisición Número de inventario Total de préstamos Signatura topográfica completa Código de barras Visto por última vez Precio de reemplazo Tipo de ítem Koha Restricciones de uso
    Clasificación decimal universal     Biblioteca del Ateneo de Madrid Biblioteca del Ateneo de Madrid Depósito 2 17/01/2008 R.73839   C-46164 1123093 23/02/2023 23/02/2023 Libro impreso  
    Clasificación decimal universal     Biblioteca del Ateneo de Madrid Biblioteca del Ateneo de Madrid Sala Pecera Planta 3 17/01/2008 R.114590   G-10839 1123096 23/02/2023 23/02/2023 Libro impreso Duplicado